UK General Election 2017 - Statistics

General Stats
  • This quiz has been taken 169 times
  • The average score is 10 of 13
Answer Stats
Number of Seats Number of Votes Political Party % Correct
318 13,667,213 Conservative
99%
262 12,874,985 Labour
99%
35 977,569 Scottish National Party
98%
12 2,371,772 Liberal Democrat
96%
0 593,852 UK Independence Party
92%
10 292,316 Democratic Unionist Party
86%
1 525,371 Green Party
86%
7 238,915 Sinn Fein
81%
4 164,466 Plaid Cymru
77%
0 83,280 Ulster Unionist Party
52%
0 95,419 Social Democratic & Labour Party
44%
0 64,553 Alliance Party
41%
0 20,958 The Yorkshire Party
12%
No matching quizzes found
Score Distribution
Percent of People with Each Score
Percentile by Number Answered
Your Score History
You have not taken this quiz